Catálogo público

Desarrollo y calidad educativa según grado de ruralidad en los Municipios de México: 2005. (Resúmen) / (Record no. 169193)

MARC details
000 -CABECERA
campo de control de longitud fija 01093nam a2200337Ia 4500
001 - NÚMERO DE CONTROL
campo de control Z_5980
003 - IDENTIFICADOR DEL NÚMERO DE CONTROL
campo de control CHAP
008 - DATOS DE LONGITUD FIJA--INFORMACIÓN GENERAL
campo de control de longitud fija 220113s2010 xx 000 0 und d
010 ## - NÚMERO DE CONTROL DE LA BIBLIOTECA DEL CONGRESO
Número de control de LC 169193
020 ## - NÚMERO INTERNACIONAL ESTÁNDAR DEL LIBRO
Número Internacional Estándar del Libro 978-607-12-0162-4
040 ## - FUENTE DE LA CATALOGACIÓN
Centro/agencia transcriptor CHAP
082 ## - NÚMERO DE LA CLASIFICACIÓN DECIMAL DEWEY
Número de clasificación 379.15 Z36
100 ## - ENTRADA PRINCIPAL--NOMBRE DE PERSONA
Nombre de persona Zamudio Sánchez, Francisco José
9 (RLIN) 123569
245 ## - MENCIÓN DE TÍTULO
Título Desarrollo y calidad educativa según grado de ruralidad en los Municipios de México: 2005. (Resúmen) /
Mención de responsabilidad, etc. Francisco José Zamudio Sánchez; coautor Alejandro Corona Ambriz
260 ## - PUBLICACIÓN, DISTRIBUCIÓN, ETC.
Lugar de publicación, distribución, etc. México :
Nombre del editor, distribuidor, etc. Universidad Autónoma Chapingo,
Fecha de publicación, distribución, etc. 2010
300 ## - DESCRIPCIÓN FÍSICA
Extensión v, 39 p.
503 ## - NOTA DE HISTORIA BIBLIOGRÁFICA (BK CF MU) [OBSOLETO]
Nota de historia bibliográfica ej. 1 - 5:
504 ## - NOTA DE BIBLIOGRAFÍA, ETC.
Nota de bibliografía, etc. Bibliografía: p 39
650 ## - PUNTO DE ACCESO ADICIONAL DE MATERIA--TÉRMINO DE MATERIA
Término de materia o nombre geográfico como elemento de entrada Calidad de los programas educativos
9 (RLIN) 143600
650 ## - PUNTO DE ACCESO ADICIONAL DE MATERIA--TÉRMINO DE MATERIA
Término de materia o nombre geográfico como elemento de entrada Calidad de los sistemas educativos
9 (RLIN) 143601
650 ## - PUNTO DE ACCESO ADICIONAL DE MATERIA--TÉRMINO DE MATERIA
Término de materia o nombre geográfico como elemento de entrada Condiciones socioeconómica
9 (RLIN) 143602
650 ## - PUNTO DE ACCESO ADICIONAL DE MATERIA--TÉRMINO DE MATERIA
Término de materia o nombre geográfico como elemento de entrada Índice de ruralidad
9 (RLIN) 143603
650 ## - PUNTO DE ACCESO ADICIONAL DE MATERIA--TÉRMINO DE MATERIA
Término de materia o nombre geográfico como elemento de entrada Logro educativo
9 (RLIN) 143604
700 ## - PUNTO DE ACCESO ADICIONAL--NOMBRE DE PERSONA
Nombre de persona I. Corona Ambriz, Alejandro, coaut.
9 (RLIN) 143605
901 ## - ELEMENTOS DE DATOS A LOCAL LDA (RLIN)
a 379.15 Z36
902 ## - ELEMENTOS DE DATOS B LOCAL, LDB (RLIN)
a M
910 ## - DATOS DE OPCIÓN DEL USUARIO (OCLC)
Datos de opción del usuario 2010
942 ## - ELEMENTOS DE PUNTO DE ACCESO ADICIONAL (KOHA)
Tipo de ítem Koha Libro_
942 ## - ELEMENTOS DE PUNTO DE ACCESO ADICIONAL (KOHA)
Tipo de ítem Koha
Holdings
Estado de retiro Estado de pérdida Fuente del sistema de clasificación o colocación Estado dañado No para préstamo Código de colección Localización permanente Ubicación/localización actual Ubicación en estantería Fecha de adquisición Código de barras Fecha visto por última vez Número de copia Precio válido a partir de Tipo de ítem Koha
    Dewey Decimal Classification     General Zootecnia Zootecnia   07/10/2011 z_1002 18/01/2022 1 18/01/2022 Libro
    Dewey Decimal Classification     General Zootecnia Zootecnia   07/10/2011 z_1004 18/01/2022 2 18/01/2022 Libro
    Dewey Decimal Classification     General Zootecnia Zootecnia   07/10/2011 z_1007 18/01/2022 3 18/01/2022 Libro
    Dewey Decimal Classification     General Zootecnia Zootecnia   07/10/2011 z_1012 18/01/2022 5 18/01/2022 Libro
    Dewey Decimal Classification     General Zootecnia Zootecnia   07/10/2011 z_1013 18/01/2022 6 18/01/2022 Libro
    Dewey Decimal Classification     General Zootecnia Zootecnia   07/10/2011 z_1014 18/01/2022 4 18/01/2022 Libro